Match the Presidents to Their Secret Service Code Names - Statistics

General Stats
  • This quiz has been taken 64 times
  • The average score is 3 of 14
Answer Stats
Hint Answer % Correct
Joe Biden Celtic
32%
Ronald Reagan Rawhide
30%
Jimmy Carter Deacon
28%
Bill Clinton Eagle
26%
Barack Obama Renegade
26%
Harry S. Truman General
23%
George H. W. Bush Timberwolf
19%
Donald Trump Mogul
17%
John F. Kennedy Lancer
15%
Richard Nixon Searchlight
13%
George W. Bush Trailblazer
13%
Gerald Ford Passkey
11%
Lyndon B. Johnson Volunteer
11%
Dwight D. Eisenhower Providence
8%
No matching quizzes found
Score Distribution
Percent of People with Each Score
Percentile by Number Answered
Your Score History
You have not taken this quiz